• 首页
  • 本馆介绍
  • 公告通知
  • 最新文献
  • 馆藏检索
  • 电子资源
  • 读者导购
  • 参考咨询
  • 我的图书馆
  • 登录
  • 详细信息显示
  • 放入我的书架
  • 预约/预借图书
  • 作者相关作品
  • 分类相关作品
  • 丛书相关作品
  • 出版社相关作品

书目信息

  • 表格格式
  • 工作单格式
  • 卡片格式
题名:
社交媒体个人议程设置研究
    
 
作者: 易红发 著
分册:  
出版信息: 上海   上海交通大学出版社  2020.12
页数: 246页
开本: 24cm
丛书名:
单 册:
中图分类: G206.3
科图分类:
主题词: 大众传播--研究
电子资源:
ISBN: 978-7-313-24018-7
000 01127nam0 2200265 45
001 012001004129
005 20140926141753.0
010    @a978-7-313-24018-7@dCNY68.00
100    @a20210303d2020 em y0chiy0110 ea
101 0  @achi
102    @aCN@b310000
105    @aa z 001yy
106    @ar
200 1  @a社交媒体个人议程设置研究@Ashe jiao mei ti ge ren yi cheng she zhi yan jiu@dIndividual agenda setting research on social media@f易红发著@zeng
210    @a上海@c上海交通大学出版社@d2020.12
215    @a246页@c图@d24cm
300    @a社交媒研究丛书
300    @a并列题名:Individual agenda setting research on social media
330    @a本书提出“个人议程”概念,以推特平台约3.4亿条推文为研究数据,考察社交媒体上专业媒体对个人用户的影响。个人议程设置研究是对传统议程设置理论的发展,使得议程设置理论能够适应互联网的发展和社交媒体的变化,对未来议程设置研究和传播效果研究具有推动作用。
510 1  @aIndividual agenda setting research on social media@zeng
606 0  @a大众传播@x研究
690    @aG206.3@v5
701  0 @a易红发@Ayi hong fa@4著
801    @aCN@bAHXH@c20210922
905    @b1329541-5@dG206.3@e1021@f5
    
    社交媒体个人议程设置研究=Individual agenda setting research on social media/易红发著.-上海:上海交通大学出版社,2020.12
    246页:图;24cm
    社交媒研究丛书.-并列题名:Individual agenda setting research on social media
    
    ISBN 978-7-313-24018-7:CNY68.00
    本书提出“个人议程”概念,以推特平台约3.4亿条推文为研究数据,考察社交媒体上专业媒体对个人用户的影响。个人议程设置研究是对传统议程设置理论的发展,使得议程设置理论能够适应互联网的发展和社交媒体的变化,对未来议程设置研究和传播效果研究具有推动作用。
●
相关链接 在E读中查询图书 在五车中查询图书 在当当中查询图书 在豆瓣中查询图书


正题名:社交媒体个人议程设置研究     索取号:G206.3/1021         预约/预借

序号 登录号 条形码 馆藏地/架位号 状态 备注
1 1329541   213295414   第一样本阅览室/ [索取号:G206.3/1021] 在馆    
2 1329542   213295423   教育系资料室/ [索取号:G206.3/1021] 在馆    
3 1329543   213295432   教育系资料室/ [索取号:G206.3/1021] 在馆    
4 1329544   213295441   第四借阅区/ [索取号:G206.3/1021] 在馆    
5 1329545   213295450   第四借阅区/ [索取号:G206.3/1021] 在馆    
唐山师范学院图书馆 欢迎您!
大连网信软件有限公司© 版权所有